[Event "Rewal op 11th"]
[Site "Rewal"]
[Date "2006.08.21"]
[Round "1"]
[White "Motyka, Michal"]
[Black "Kazmierczak, Marcin"]
[Result "1-0"]
[WhiteElo "2345"]
[BlackElo "1996"]
[PlyCount "111"]
[EventDate "2006.08.21"]
[EventType "swiss"]
[EventRounds "11"]
[EventCountry "POL"]
[SourceTitle "EXT 2010"]
[Source "ChessBase"]
[SourceDate "2010.11.25"]
[SourceVersion "1"]
[SourceVersionDate "2010.11.25"]
[SourceQuality "1"]

1. e4 c5 2. Nc3 Nc6 3. Bb5 d6 4. Bxc6+ bxc6 5. f4 Nf6 6. Nf3 Ba6 7. d3 g6 8. b3 Bg7 9. Bb2 0-0 10. 0-0 Ng4 11. Qd2 d5 12. e5 c4 13. bxc4 Qb6+ 14. d4 Qxb2 15. h3 Nh6 16. Rab1 Qa3 17. Rb3 Qa5 18. Nxd5 Qd8 19. Ne3 e6 20. Ra3 Bc8 21. g4 Qe7 22. c5 Rd8 23. Qf2 Kh8 24. Nc4 Ng8 25. Nd6 Bd7 26. Ng5 Be8 27. Qh4 h6 28. Ngxf7+ Bxf7 29. Qxe7 Nxe7 30. Nxf7+ Kg8 31. Nxd8 Rxd8 32. Rxa7 Bf8 33. c3 Nd5 34. Rf3 Rb8 35. c4 Rb1+ 36. Kf2 Rb2+ 37. Kg3 Ne7 38. Raa3 Rd2 39. Rfd3 Rc2 40. Ra4 h5 41. a3 Kf7 42. Rb4 Bh6 43. a4 Ra2 44. Kf3 Rh2 45. Kg3 Ra2 46. Kf3 Rh2 47. Ke4 Ra2 48. Rf3 Re2+ 49. Kd3 Ra2 50. Rb7 hxg4 51. hxg4 Rxa4 52. Ke4 Rxc4 53. Rh3 Bg7 54. Rh7 Rc1 55. Rxg7+ Kxg7 56. Rxe7+ 1-0